Statistics for Random Countries Level: Easy

Click here to take the quiz!

General Stats

  • This quiz has been taken 14 times
  • The average score is 13 of 15

Answer Stats

Answer% Correct
Australia
100%
Canada
92%
China
92%
France
92%
India
92%
Italy
92%
Japan
92%
Mexico
92%
Spain
92%
UK
92%
Brazil
85%
russia
85%
Turkey
77%
Greece
69%
America
46%

Score Distribution

Percentile by Number Answered

Percent of People with Each Score

Your Score History

You have not taken this quiz